<?xml version="1.0" encoding="UTF-8"?>
<record
    xmlns:xsi="http://www.w3.org/2001/XMLSchema-instance"
    xsi:schemaLocation="http://www.loc.gov/MARC21/slim http://www.loc.gov/standards/marcxml/schema/MARC21slim.xsd"
    xmlns="http://www.loc.gov/MARC21/slim">

  <leader>01505    a2200205   4500</leader>
  <controlfield tag="001">29506</controlfield>
  <controlfield tag="005">20260407155605.0</controlfield>
  <controlfield tag="008">260407a1980    arg                 spa d</controlfield>
  <controlfield tag="003">AR-UNSa-BCEJYS</controlfield>
  <datafield tag="040" ind1=" " ind2=" ">
    <subfield code="a">AR-UNSa-BCEJYS</subfield>
    <subfield code="b">spa</subfield>
    <subfield code="c">AR-UNSa-BCEJYS</subfield>
  </datafield>
  <datafield tag="080" ind1=" " ind2=" ">
    <subfield code="a">657.372</subfield>
    <subfield code="x">T&#xE9;cnicas para la preparaci&#xF3;n de balances (valores corrientes)</subfield>
  </datafield>
  <datafield tag="245" ind1="1" ind2="0">
    <subfield code="a">Manual para la planificaci&#xF3;n, la elaboraci&#xF3;n y el control de los estados contables</subfield>
  </datafield>
  <datafield tag="264" ind1=" " ind2="1">
    <subfield code="a">Buenos Aires :</subfield>
    <subfield code="b">Cangallo</subfield>
    <subfield code="c">1980</subfield>
  </datafield>
  <datafield tag="300" ind1=" " ind2=" ">
    <subfield code="a">254 p.</subfield>
    <subfield code="c">25 cm.</subfield>
  </datafield>
  <datafield tag="505" ind1=" " ind2=" ">
    <subfield code="a">Parte I: Tareas de balance: 1. Recursos - 2. Procedimientos de elaboraci&#xF3;n - 3. Elaboraci&#xF3;n del activo - 4. Elaboraci&#xF3;n del pasivo y de las ganancias a realizar - 5. Elaboraci&#xF3;n del patrimonio neto y de los pasivos eventuales - 6. Elaboraci&#xF3;n de los estados de resultados -- Parte II: T&#xE9;cnicas para la planificaci&#xF3;n, la elaboraci&#xF3;n y el control de los estados contables: 1. Tareas generales - 2. M&#xE9;todo del camino cr&#xED;tico - 3. Carga de trabajo - 4. Control de tareas - 5. Sistemas para adecuar el valor adquisitivo de la moneda - 6. Computaci&#xF3;n y contabilidad -- Parte III: Casos de Aplicaci&#xF3;n: 1. Planteo del caso de aplicaci&#xF3;n - 2. Programaci&#xF3;n de las tareas anticipadas - 3. Programaci&#xF3;n de las tareas concomitantes - 4. Programaci&#xF3;n de las tareas posteriores - 5. Programaci&#xF3;n general -- Parte IV: Normas de aplicaci&#xF3;n  </subfield>
  </datafield>
  <datafield tag="942" ind1=" " ind2=" ">
    <subfield code="c">BK</subfield>
  </datafield>
  <datafield tag="590" ind1=" " ind2=" ">
    <subfield code="a">niveau_biblio:m niveau_hierar:0</subfield>
  </datafield>
  <datafield tag="100" ind1="1" ind2=" ">
    <subfield code="a">Mart&#xED;n, Miguel Angel</subfield>
  </datafield>
  <datafield tag="700" ind1="1" ind2=" ">
    <subfield code="a">Landreau, Horacio C&#xE9;sar</subfield>
  </datafield>
  <datafield tag="999" ind1=" " ind2=" ">
    <subfield code="c">1888</subfield>
    <subfield code="d">1888</subfield>
  </datafield>
  <datafield tag="952" ind1=" " ind2=" ">
    <subfield code="0">0</subfield>
    <subfield code="1">0</subfield>
    <subfield code="4">0</subfield>
    <subfield code="7">0</subfield>
    <subfield code="a">BCEJYS</subfield>
    <subfield code="b">BCEJYS</subfield>
    <subfield code="c">16</subfield>
    <subfield code="d">2026-04-07</subfield>
    <subfield code="l">0</subfield>
    <subfield code="o">657.372 M378</subfield>
    <subfield code="p">L33218</subfield>
    <subfield code="r">2026-04-07 15:56:05</subfield>
    <subfield code="w">2026-04-07</subfield>
    <subfield code="y">L</subfield>
  </datafield>
  <datafield tag="952" ind1=" " ind2=" ">
    <subfield code="0">0</subfield>
    <subfield code="1">0</subfield>
    <subfield code="4">0</subfield>
    <subfield code="7">0</subfield>
    <subfield code="a">BCEJYS</subfield>
    <subfield code="b">BCEJYS</subfield>
    <subfield code="c">16</subfield>
    <subfield code="d">2026-04-07</subfield>
    <subfield code="l">0</subfield>
    <subfield code="o">657.372 M378</subfield>
    <subfield code="p">L33515</subfield>
    <subfield code="r">2026-04-07 15:56:05</subfield>
    <subfield code="w">2026-04-07</subfield>
    <subfield code="y">L</subfield>
  </datafield>
  <datafield tag="952" ind1=" " ind2=" ">
    <subfield code="0">0</subfield>
    <subfield code="1">0</subfield>
    <subfield code="4">0</subfield>
    <subfield code="7">0</subfield>
    <subfield code="a">BCEJYS</subfield>
    <subfield code="b">BCEJYS</subfield>
    <subfield code="c">16</subfield>
    <subfield code="d">2026-04-07</subfield>
    <subfield code="l">0</subfield>
    <subfield code="o">657.372 M378</subfield>
    <subfield code="p">L33516</subfield>
    <subfield code="r">2026-04-07 15:56:05</subfield>
    <subfield code="w">2026-04-07</subfield>
    <subfield code="y">L</subfield>
  </datafield>
  <datafield tag="952" ind1=" " ind2=" ">
    <subfield code="0">0</subfield>
    <subfield code="1">0</subfield>
    <subfield code="4">0</subfield>
    <subfield code="7">0</subfield>
    <subfield code="a">BCEJYS</subfield>
    <subfield code="b">BCEJYS</subfield>
    <subfield code="c">16</subfield>
    <subfield code="d">2026-04-07</subfield>
    <subfield code="l">0</subfield>
    <subfield code="o">657.372 M378</subfield>
    <subfield code="p">L33742</subfield>
    <subfield code="r">2026-04-07 15:56:05</subfield>
    <subfield code="w">2026-04-07</subfield>
    <subfield code="y">L</subfield>
  </datafield>
</record>
